ბათუმის შოთა რუსთაველის სახელმწიფო უნივერსიტეტის ბიბლიოთეკა

The Economist, December 6th-12th. number 8916. 2014. (ბიბ.ჩანაწერი № 47122)

000 -LEADER
fixed length control field 00436nam a2200169Ia 4500
001 - CONTROL NUMBER
control field 13980
003 - CONTROL NUMBER IDENTIFIER
control field GE_BSU
008 - FIXED-LENGTH DATA ELEMENTS--GENERAL INFORMATION
fixed length control field 181216s||||||||xx |||||||||||||| ||und||
040 ## - CATALOGING SOURCE
Transcribing agency GE_BSU
245 #4 - TITLE STATEMENT
Title The Economist, December 6th-12th. number 8916. 2014.
245 ## - TITLE STATEMENT
Remainder of title volume 413 number 8916
260 ## - PUBLICATION, DISTRIBUTION, ETC.
Place of publication, distribution, etc. London
260 ## - PUBLICATION, DISTRIBUTION, ETC.
Date of publication, distribution, etc. 2014
300 ## - PHYSICAL DESCRIPTION
Extent 94p.27cm.
653 ## - INDEX TERM--UNCONTROLLED
Uncontrolled term The Economist, December 6th-12th. number 8916. 2014.
942 ## - ADDED ENTRY ELEMENTS (KOHA)
Koha item type პერიოდიკა
ეგზემპლარები
Withdrawn status Lost status Damaged status Not for loan Date acquired Barcode Date last seen Price effective from Koha item type
        2018-12-17 p76676 2018-12-17 2018-12-17 პერიოდიკა